| 000 | 00944nam a2200241 a 4500 | ||
|---|---|---|---|
| 001 | 41618 | ||
| 003 | BD-RjUL | ||
| 005 | 20211209053425.0 | ||
| 008 | 160602s2001 bg ||||| b||| 00| 0 ben d | ||
| 020 |
_a9840741001 _c: TK 105.00 |
||
| 035 | _a(BD-RjUL)41736 | ||
| 040 |
_aBD-RjUL _bben _cBD-RjUL |
||
| 041 | _aben | ||
| 082 |
_223 _a070.194 _bULB 2001 |
||
| 100 |
_aউল্লাহ, মোহাম্মদ সহিদ _9127855 |
||
| 245 | 1 | 0 |
_aবেতার ও টেলিভিশন সাংবাদিকতা / _cমোহাম্মদ সহিদ উল্লাহ |
| 260 |
_aঢাকা : _bবাংলা একাডেমী, _c২০০১ |
||
| 300 |
_a[১০], ২৫০ পৃ. ; _c২১ সেমি. |
||
| 500 | _aনির্ঘন্ট সম্বলিত | ||
| 650 |
_aরেডিও সাংবাদিকতা _9127856 |
||
| 650 |
_aRadio Journalisim _9127857 |
||
| 942 |
_2ddc _cBK |
||
| 999 |
_c41618 _d41618 |
||